Normal view
MARC view
Entry Personal Name
001 - CONTROL NUMBER
- control field: 5880
003 - CONTROL NUMBER IDENTIFIER
- control field: BD-RjUL
005 - DATE AND TIME OF LATEST TRANSACTION
- control field: 20221117102052.0
008 - FIXED-LENGTH DATA ELEMENTS
- fixed length control field: 221117|| aca||aabn | a|a d
040 ## - CATALOGING SOURCE
- Original cataloging agency: BD-RjUL
- Transcribing agency: BD-RjUL
100 ## - HEADING--PERSONAL NAME
- Personal name: BARI, MD. ABDUL
670 ## - SOURCE DATA FOUND
- Source citation: Work cat.: (BD-RjUL)80791: BARI, MD. ABDUL, ANTIMICROBIAL AND INSECTICIDAL ACTIVITIES OF SOLANUM TORVUM SW. ( SOLANACEAE ) AND SMILAXZEYLANICA L. ( LILIACEAE) ON CRYPTOLESTES PUSILLUS (SCHON.) (COLEOPTERA : CUCUJIDAE) :, 2009